Lyhimmät Amerikan valtioiden nimet - Statistics

Yleistilastot
  • Tätä visaa on pelattu 1 398 kertaa
  • Keskiarvotulos 7 / 9
Vastaustilastot
Valtio % Oikein
Peru
92%
Chile
89%
Kuuba
87%
Haiti
86%
Kanada
80%
Panama
80%
Belize
72%
Guyana
67%
Bahama
66%
Ehtoja vastaavia visoja ei löytynyt
Tulosjakauma
Jokaisen tuloksen saaneiden osuus
Persentiili vastausten määrän mukaan
Tuloshistoriasi
Et ole pelannut tätä visaa